<?xml version="1.0" encoding="UTF-8"?>
<collection xmlns="http://www.loc.gov/MARC21/slim">
 <record>
  <leader>01439nam a2200205Ia 4500</leader>
  <controlfield tag="001">TDMU_28885</controlfield>
  <controlfield tag="008">210410s9999    xx            000 0 und d</controlfield>
  <datafield tag="082" ind1=" " ind2=" ">
   <subfield code="a">910</subfield>
  </datafield>
  <datafield tag="090" ind1=" " ind2=" ">
   <subfield code="b">NG527</subfield>
  </datafield>
  <datafield tag="100" ind1=" " ind2=" ">
   <subfield code="a">Nguyễn, Thị Lan</subfield>
  </datafield>
  <datafield tag="245" ind1=" " ind2="0">
   <subfield code="a">Nghiên cứu hoạt động PR và tác động của PR đến phố nướng Tokyo</subfield>
  </datafield>
  <datafield tag="245" ind1=" " ind2="0">
   <subfield code="c">Nguyễn Thị Lan; Trần Đình Thắng (h.dẫn)</subfield>
  </datafield>
  <datafield tag="260" ind1=" " ind2=" ">
   <subfield code="a">Bình Dương</subfield>
  </datafield>
  <datafield tag="260" ind1=" " ind2=" ">
   <subfield code="c">2015</subfield>
  </datafield>
  <datafield tag="300" ind1=" " ind2=" ">
   <subfield code="a">54 tr + Phụ lục</subfield>
  </datafield>
  <datafield tag="520" ind1=" " ind2=" ">
   <subfield code="a">Chuyên ngành: Marketing; Không ý kiến về việc số hóa, sao chép tài liệu; Khóa luận gồm: Cơ sở lý luận; thực trạng hoạt động PR và tác động của PR đến hiệu quả hoạt động kinh doanh đến phố nướng Tokyo; đề xuất nhằm gia tăng hiệu quả hoạt động PR tại đây.; TM tài liệu tham khảo sau tr. 54; Khóa luận tốt nghiệp Đại học trường Đại học Thủ Dầu Một, 2012 - 2016</subfield>
  </datafield>
  <datafield tag="650" ind1=" " ind2=" ">
   <subfield code="a">Quản trị kinh doanh</subfield>
   <subfield code="x">PR</subfield>
   <subfield code="x">Quan hệ công chúng</subfield>
   <subfield code="x">Phố nướng Tokyo; Phố nướng Tokyo</subfield>
   <subfield code="x">Quản trị kinh doanh</subfield>
   <subfield code="x">PR; Khóa luận</subfield>
  </datafield>
  <datafield tag="700" ind1=" " ind2=" ">
   <subfield code="a">Trường Đại học Thủ Dầu Một</subfield>
  </datafield>
  <datafield tag="856" ind1=" " ind2=" ">
   <subfield code="u">http://lrc.tdmu.edu.vn/opac/search/detail.asp?aID=2&amp;ID=28885</subfield>
  </datafield>
  <datafield tag="980" ind1=" " ind2=" ">
   <subfield code="a">Trung tâm Học liệu Trường Đại học Thủ Dầu Một</subfield>
  </datafield>
 </record>
</collection>
